[Event "White Nights (Women)"]
[Site "St Petersburg"]
[Date "1999.??.??"]
[Round "3"]
[White "Bistrikova, Elena V"]
[Black "Rakitskaja, M."]
[Result "1/2-1/2"]
[WhiteElo "2115"]
[BlackElo "2201"]

1.d4 Nf6 2.c4 e6 3.g3 d5 4.Bg2 Be7 5.Nf3 O-O 6.O-O c5 7.cxd5 exd5 8.Nc3 Be6
9.Bg5 h6 10.Bxf6 Bxf6 11.e3 Nd7 12.Qd2 Rc8 13.Rfd1 Nb6 14.b3 Qe7 15.Rac1 Rfd8
16.Ne2 a6 17.dxc5 Rxc5 18.Rxc5 Qxc5 19.Rc1 Qd6 20.Nfd4 Bg4 21.Nf4 Rc8 22.Rxc8+ Bxc8
23.Nc2 Qc5 24.Nxd5 Nxd5 25.Bxd5 Bc3 26.Qd3 b5 27.Qe4 Bd7 28.Nd4 b4 29.Kg2 a5
30.Qe5 Qc8 31.Qh5 Qe8 32.Bf3 a4 33.bxa4 Bxa4 34.Qc5 Qf8 35.Qc7 g6 36.h4 Qg7
37.h5 gxh5 38.Bxh5 Qf6 39.Qc8+ Kh7 40.Qa8 Bd7 41.Qd5 Be6 42.Nxe6 fxe6 43.Qd7+ Kg8
44.Bg4 e5 45.a4 Be1 46.Qe6+ Kg7 47.f4 exf4 48.exf4 Qxe6 49.Bxe6 Bc3 50.Kf3 Bd4
51.g4 Kf6 52.Bb3 Bb6 53.Ke4 Bc7 54.Bc4 Bb6 55.Bb3 Bc7 56.Bd1 Ke6 57.f5+ Kf6
58.Kd5 h5 59.gxh5 Kxf5 60.Kc4 Kg5 61.Kxb4 Kh6  1/2-1/2

[Event "White Nights op"]
[Site "St Petersburg"]
[Date "1999.??.??"]
[Round "8"]
[White "Monin, Nikolay"]
[Black "Stepanov, Timofej"]
[Result "1/2-1/2"]
[WhiteElo "2373"]
[BlackElo "2226"]

1.d4 Nf6 2.c4 e6 3.g3 d5 4.Bg2 Be7 5.Nf3 O-O 6.O-O dxc4 7.Nc3 c5 8.dxc5 Qxd1
9.Rxd1 Nc6 10.Bf4 Bxc5 11.Rac1 e5 12.Bg5 Be6 13.Bxf6 gxf6 14.Nd5 Bd4 15.Nxd4 Nxd4
16.Kf1 Kg7 17.e3 Rfd8 18.Nc7 Rac8 19.Nxe6+ Nxe6 20.Bxb7 Rxd1+ 21.Rxd1 Rb8
22.Bd5 Rxb2 23.Bxc4 Nc5 24.Bd5 Rc2 25.e4 Kg6 26.Ke1 Ne6 27.Bxe6 fxe6 28.Rd2 Rc4
29.f3 Rc3 30.Ke2 Ra3 31.Kf2 h5 32.Kg2 Kg5 33.h4+ Kg6 34.Rc2 Kh6 35.Rc6 Rxa2+
36.Kh3 Rf2 37.Rxe6 Kg6 38.Ra6 Rxf3 39.Rxa7  1/2-1/2

[Event "SWZ-chT"]
[Site "SWZ"]
[Date "1999.??.??"]
[Round "7"]
[White "Zueger, Beat"]
[Black "Begovac, Franja"]
[Result "1/2-1/2"]
[WhiteElo "2424"]
[BlackElo "2424"]

1.c4 e6 2.Nf3 d5 3.d4 Nf6 4.g3 Be7 5.Bg2 O-O 6.O-O dxc4 7.Qc2 a6 8.a4 Bd7
9.Qxc4 Bc6 10.Bg5 Nbd7 11.Nc3 h6 12.Bf4 Nb6 13.Qb3 a5 14.Rfd1 Nbd5 15.Nxd5 Bxd5
16.Qc2 Rc8 17.Ne5 Bxg2 18.Kxg2 Nd5  1/2-1/2

[Event "SWZ-chT"]
[Site "SWZ"]
[Date "1999.??.??"]
[Round "8"]
[White "Zueger, Beat"]
[Black "Franzoni, Giancarlo"]
[Result "1/2-1/2"]
[WhiteElo "2424"]
[BlackElo "2438"]

1.c4 e6 2.Nf3 Nf6 3.g3 d5 4.d4 Be7 5.Bg2 O-O 6.O-O dxc4 7.Qc2 a6 8.a4 Bd7
9.Ne5 Bc6 10.Nxc6 Nxc6 11.e3 Na5 12.Nd2 c5 13.dxc5 Qc7 14.Nxc4 Qxc5 15.b3 Rac8
16.Ba3 Qc7 17.Qb2 Bxa3 18.Qxa3 Nxc4 19.bxc4 Nd7 20.a5 Nc5 21.Rfd1 b6  1/2-1/2

[Event "Tampere op2"]
[Site "Tampere"]
[Date "1999.??.??"]
[Round "1"]
[White "Luukkonen, Tommi"]
[Black "Sammalvuo, Tapani"]
[Result "0-1"]
[WhiteElo "2155"]
[BlackElo "2413"]

1.d4 Nf6 2.c4 e6 3.g3 d5 4.Bg2 Be7 5.Nf3 O-O 6.O-O dxc4 7.Qc2 a6 8.a4 Bd7
9.Qxc4 Bc6 10.Bg5 a5 11.Nc3 Na6 12.Bxf6 Bxf6 13.e4 Nb4 14.Rfd1 b6 15.Rd2 Bb7
16.Rad1 Rc8 17.h4 c5 18.d5 Ba6 19.Nb5 exd5 20.exd5 Bxb5 21.Qxb5 Qd6 22.Re2 Qb8
23.d6 Rcd8 24.d7 Qc7 25.Re8 Nc6 26.Rxf8+ Rxf8 27.Qe2 g6 28.Qe8 Qd8 29.Re1 Ne7
30.Qxd8 Rxd8 31.Rd1 Bd4 32.Bh3 f5 33.Bf1 Rxd7 34.Kg2 Rd6 35.Bc4+ Kg7 36.Re1 Bf6
37.b3 h6 38.Re2 g5 39.h5 Nc6 40.Re8 g4 41.Ne1 Ne5 42.Be6 Rd1 43.Nc2 Nf3  0-1

[Event "Tampere op"]
[Site "Tampere"]
[Date "1999.??.??"]
[Round "2"]
[White "Veingold, Aleksandr"]
[Black "Paldanius, Pekka"]
[Result "1-0"]
[WhiteElo "2477"]
[BlackElo "2257"]

1.d4 Nf6 2.Nf3 d5 3.c4 e6 4.g3 Be7 5.Bg2 O-O 6.O-O dxc4 7.Qc2 a6 8.a4 Bd7
9.Qxc4 Bc6 10.Bg5 a5 11.Nc3 Na6  1-0

[Event "Isla de Tenerife op"]
[Site "Tenerife"]
[Date "1999.??.??"]
[Round "5"]
[White "Vassallo, Mauricio"]
[Black "Martin Ojeda, Juan Manuel"]
[Result "1-0"]
[WhiteElo "2380"]
[BlackElo "2210"]

1.d4 e6 2.Nf3 Nf6 3.g3 d5 4.Bg2 Be7 5.c4 O-O 6.O-O dxc4 7.Qc2 a6 8.Qxc4 b5
9.Qc2 Bb7 10.Bf4 Nc6 11.Rd1 Qc8 12.Nbd2 Nd5 13.Rac1 Ncb4 14.Qb1 Nxf4 15.gxf4 Nd5
16.e3 Ra7 17.Ne5 Qe8 18.Ne4 f6 19.Nd3 Qh5 20.Ng3 Qf7 21.e4 Nb6 22.Rxc7 Rc8
23.Rdc1 Nc4 24.Rxc8+ Bxc8 25.b3 Nb6 26.Rc6 Bd8 27.Qc1 Bd7 28.Rc2 Qe7 29.Nc5 Be8
30.Bh3 Bf7 31.f5 e5 32.d5 Nd7 33.Ne6 Bxe6 34.fxe6 Nf8 35.Nf5 Qb4 36.Rc8 Be7
37.Nxe7+ Qxe7 38.Qc5  1-0

[Event "Mislata op8th"]
[Site "Valencia"]
[Date "1999.??.??"]
[Round "7"]
[White "Garcia Martinez, Silvino"]
[Black "Braga, Fernando"]
[Result "1/2-1/2"]
[WhiteElo "2445"]
[BlackElo "2461"]

1.d4 Nf6 2.c4 e6 3.g3 d5 4.Bg2 Be7 5.Nf3 O-O 6.O-O dxc4 7.Qc2 a6 8.Qxc4 b5
9.Qc2 Bb7 10.Bf4 Nc6 11.Nbd2 Nxd4 12.Nxd4 Bxg2 13.Kxg2 Qxd4 14.Nf3 Qe4 15.Qxe4 Nxe4
16.Bxc7 Rac8 17.Rac1 Nc5 18.Be5 f6 19.Bd4 Kf7 20.Bxc5 Bxc5 21.Rc2 Bb6 22.Rfc1 Rxc2
23.Rxc2 Ke7 24.Ne1  1/2-1/2

[Event "FIN-ch"]
[Site "Vammala"]
[Date "1999.??.??"]
[Round "2"]
[White "Keskisarja, Teemu"]
[Black "Sorsa, Nuutti"]
[Result "1-0"]
[WhiteElo "2313"]
[BlackElo "2226"]

1.g3 Nf6 2.Bg2 d5 3.Nf3 e6 4.c4 Be7 5.d4 c6 6.O-O b6 7.Qc2 O-O 8.b3 Re8 9.Rd1 Ba6
10.Nbd2 Nbd7 11.e4 Nf8 12.e5 N6d7 13.Nf1 Rc8 14.h4 Bb7 15.Ne3 f6 16.Bb2 Qc7
17.Qe2 Qb8 18.Bc3 Qa8 19.b4 fxe5 20.dxe5 c5 21.cxd5 exd5 22.Nxd5 cxb4 23.Nxe7+ Rxe7
24.Bxb4 Nc5 25.Ne1 Rce8 26.f4 Nfd7 27.Nd3 Kh8 28.Nxc5 bxc5 29.Bc3 Nf6 30.Bxb7 Qxb7
31.Rab1 Qc8 32.Qf3 Ng4 33.Rb2 Nh6 34.Kg2 Qa6 35.Rd6 Qc4 36.Qd3 Qxd3 37.Rxd3  1-0

[Event "JUG-chT"]
[Site "Vrnjacka Banja"]
[Date "1999.??.??"]
[Round "2"]
[White "Komarov, Dimitri"]
[Black "Rabrenovic, Vladan"]
[Result "1-0"]
[WhiteElo "2582"]
[BlackElo "2348"]

1.d4 Nf6 2.c4 e6 3.Nf3 d5 4.g3 Be7 5.Bg2 O-O 6.O-O c5 7.dxc5 Bxc5 8.a3 a6
9.b4 Ba7 10.Bb2 Nc6 11.Nbd2 Qe7 12.Qc2 Bd7 13.e4 dxe4 14.Nxe4 Nxe4 15.Qxe4 Rae8
16.b5 Nd8 17.Rfd1 f6 18.a4 Bc5 19.Nd4 e5 20.Nb3 Bb4 21.c5 a5 22.Ba3 Be6 23.Qe3 Qf7
24.Bxb4 axb4 25.Nd2 f5 26.Qxe5 Bb3 27.Qxe8 Qxe8 28.Nxb3 f4 29.Nd4 Qe5 30.c6 bxc6
31.bxc6 b3 32.Rab1 Nf7 33.gxf4 Qa5 34.Rxb3 Qxa4 35.Bd5 Kh8 36.Bxf7 g5 37.Be6 gxf4
38.c7 Qa5 39.c8=Q Qg5+ 40.Rg3  1-0

[Event "Zagreb op"]
[Site "Zagreb"]
[Date "1999.??.??"]
[Round "8"]
[White "Zaja, Ivan"]
[Black "Sitnik, Igor"]
[Result "1/2-1/2"]
[WhiteElo "2443"]
[BlackElo "2312"]

1.d4 d5 2.c4 e6 3.Nf3 Nf6 4.g3 Be7 5.Bg2 O-O 6.O-O Nbd7 7.cxd5 exd5 8.Nc3 c6
9.Qc2 Re8 10.Bf4 Nf8 11.Rad1 Ng6 12.Bc1 Be6 13.Ng5 Qd7 14.Nxe6 Qxe6 15.a3 a5
16.Rfe1 Bf8 17.Qb3 b5 18.Bg5 b4 19.Bxf6 bxc3 20.Bg5 cxb2 21.Qxb2 a4 22.Bc1 Rab8
23.Qc2 Rb3 24.e4 Qd7 25.exd5 Rxe1+ 26.Rxe1 cxd5 27.Re3 Qb5 28.Bf1 Qb6 29.Bd3 Qxd4
30.Bxg6 hxg6 31.Rxb3 axb3 32.Qxb3 Qa7 33.a4 Bc5 34.Be3 d4 35.Bd2 d3 36.Kg2 Bxf2
37.Qxd3 Bb6 38.Qe4 Qd7 39.Be1 Qc7 40.a5 Ba7 41.a6 Qb6 42.Qe2 Qg1+ 43.Kh3 Kh7
44.Bc3 f6 45.Bd2 Qb6 46.Qc4 Qf2 47.Qh4+  1/2-1/2

[Event "Zagreb op"]
[Site "Zagreb"]
[Date "1999.??.??"]
[Round "8"]
[White "Filipovic, Marko"]
[Black "Brumen, Dinko"]
[Result "1/2-1/2"]
[WhiteElo "2223"]
[BlackElo "2309"]

1.d4 Nf6 2.c4 e6 3.Nf3 d5 4.g3 Be7 5.Bg2 O-O 6.O-O Bd7 7.Qc2 dxc4 8.a4 Bc6
9.Qxc4 a5 10.Nc3 Na6 11.Bf4 Nb4 12.Rac1 Ra6 13.Rfe1 Nfd5 14.Nxd5 exd5 15.Qb3 Qe8
16.Ra1 Bd6 17.Ne5 Rb6 18.Nxc6 bxc6 19.Bd2 Qb8 20.Rab1 f5 21.Rec1 Qb7 22.Qe3 Na2
23.Rc2 Bb4 24.Qb3 Bxd2 25.Qxa2 Bg5 26.Rxc6 Kh8 27.Rxb6 Qxb6 28.Qxd5 Be7 29.e3 Qb4
30.b3 Bd6 31.Bh3 Qd2 32.Qc4 g5 33.Rc1 f4 34.exf4 gxf4 35.Qc3 Qxc3 36.Rxc3 Re8
37.Kg2 Re2 38.Rd3 Kg7 39.Kf3 Rb2 40.gxf4 Kf6 41.Bd7 Bb4 42.Bb5 Be1 43.Ke4 Rxf2
44.Rh3 Kg7 45.Ke5 Bb4 46.Bd3 h6 47.Rh4 Bd6+ 48.Kf5 Rd2 49.Ke4 Rf2 50.Rg4+ Kf6
51.h3 Rh2 52.Rh4 Kg7 53.Rh5 Bb4 54.f5 Bd2 55.Kd5 Be3 56.Ke5 Bg5 57.d5 Rd2
58.Bc4 Bf6+ 59.Ke6 Bg5 60.Kd7 Bf4 61.Rh4 Bd6 62.Rg4+ Kf6 63.Rg6+ Kxf5 64.Rxh6 Rg2
65.Rxd6 Rg7+ 66.Kc6 cxd6 67.Kxd6 Rg6+ 68.Kc5 Ke5 69.Kb5 Rh6 70.Kxa5 Rxh3
71.Kb5 Kd6 72.a5 Rh8 73.a6 Rb8+ 74.Ka5 Kc5  1/2-1/2

[Event "Hilton Open"]
[Site "Basel SUI"]
[Date "2000.01.05"]
[Round "7"]
[White "Tukmakov,V"]
[Black "Berzinsh,R"]
[Result "1-0"]
[WhiteElo "2574"]
[BlackElo "2458"]

1.d4 Nf6 2.c4 e6 3.g3 d5 4.Nf3 Be7 5.Bg2 O-O 6.Qc2 dxc4 7.Nbd2 a6 8.Nxc4 Nc6
9.e3 b5 10.Nfe5 Nb4 11.Qe2 Nfd5 12.Na5 c5 13.Nac6 Nxc6 14.Nxc6 Qc7 15.Nxe7+ Qxe7
16.dxc5 Qxc5 17.Bd2 Bb7 18.Rc1 Qe7 19.O-O Rac8 20.a3 Rxc1 21.Rxc1 Rc8 22.Rxc8+ Bxc8
23.Qd3 Bb7 24.h3 h6 25.Ba5 Qc5 26.Qd2 Qc8 27.Qd4 Nf6 28.e4 Qd7 29.Qxd7 Nxd7
30.f3 Ne5 31.Bc3 Nc6 32.Kf2 e5 33.f4 f6 34.Bf3 Bc8 35.h4 Be6 36.Ke3 Bc4 37.Bg4 b4
38.axb4 Kf7 39.Bd7 Bb5 40.fxe5 fxe5 41.Bg4 Kf6 42.Bd1 Nd8 43.Bb3 Ne6 44.Bd5 Nd8
45.b3 Nf7 46.Kf3 Nd8 47.Bc4 Nf7 48.Bd2 Nd6 49.Bd5 Ne8 50.Be3 Nc7 51.Bc4 Ne6
52.Bb6 h5 53.g4 g6 54.Ba7 Nd8 55.Be3 Nc6 56.Bc5 Nd8 57.Bf8 hxg4+ 58.Kxg4 Bd7+
59.Kf3 Bb5 60.Bd6 Nc6 61.Bc5 Nd8 62.Be3 Nc6 63.Bg5+ Kg7 64.Bd2 Nd4+ 65.Kg4 Bd7+
66.Kg3 Bb5 67.Be3 Nc6 68.Bc5 Kf6 69.Kg4 Nd8 70.Bb6 Nc6 71.Ba5 Nd4  1-0

[Event "Bundesliga 1999-2000"]
[Site "Delmenhorst GER"]
[Date "2000.01.08"]
[Round "7"]
[White "Pelletier,Y"]
[Black "Baburin,A"]
[Result "1/2-1/2"]
[WhiteElo "2478"]
[BlackElo "2591"]

1.Nf3 d5 2.d4 e6 3.g3 Nf6 4.Bg2 Be7 5.c4 O-O 6.Qc2 c5 7.dxc5 Qa5+ 8.Nbd2 Qxc5
9.O-O Nc6 10.a3 a5 11.Nb3 Qxc4 12.Qxc4 dxc4 13.Nbd2 b5 14.Ne5 Nxe5 15.Bxa8 Nd5
16.Rd1 Rd8 17.Nf1 Ba6 18.Bf4 Bf6 19.Bxd5 exd5 20.Ne3 d4 21.Nc2 Nc6 22.Rd2 h6
23.Bc7 Rd7 24.Bb6 d3 25.Ne1 b4 26.exd3 c3 27.bxc3 Bxc3 28.Rdd1 Bxa1 29.Rxa1 b3
30.Rd1 a4 31.f4 Ne7 32.Kf2 Nd5 33.Ba5 Re7 34.Bd2 Rc7 35.Rc1 Rxc1 36.Bxc1 Nc3
37.Ke3 f6 38.Kd2 Nb5 39.Bb2 Bb7 40.d4 Be4 41.Nd3 Nc7 42.Nb4 Kf7 43.Kc3 Ke6
44.Kc4 Kd6 45.Kc3 g5 46.fxg5 hxg5 47.Kd2 f5 48.Ke3 Nd5+ 49.Nxd5 Bxd5 50.Bc1 Ke6
51.Kd3 Kf6 52.h4 gxh4 53.gxh4 Bf7 54.Ke3 Ke6 55.Kf4 Kd5 56.Bb2 Kc4 57.Kxf5 Kd3
58.Kf6 Kc2 59.Ba1 Kb1 60.Bc3 Kc2 61.Ba1 Kb1 62.Bc3 Kc2  1/2-1/2

[Event "Bundesliga 1999-2000"]
[Site "Hamburg GER"]
[Date "2000.01.08"]
[Round "7"]
[White "Wilhelmi,C"]
[Black "Lau,R"]
[Result "1/2-1/2"]
[WhiteElo "2423"]
[BlackElo "2527"]

1.d4 d5 2.c4 e6 3.Nf3 Nf6 4.g3 Be7 5.Bg2 O-O 6.O-O c6 7.Qc2 b6 8.b3 Bb7 9.Bb2 Nbd7
10.Nbd2 Rc8 11.e4 c5 12.exd5 exd5 13.dxc5 Bxc5 14.Rad1 Re8 15.Qf5 Qc7 16.Nd4 a6
17.cxd5 g6 18.Qb1 Nxd5 19.Ne4 Bf8 20.Rfe1 b5 21.a3 b4 22.axb4 Bxb4 23.Rc1 Qb6
24.Rxc8 Rxc8 25.Rc1 Rd8 26.Rd1 Nc5 27.Nxc5 Bxc5 28.Qc1 Ba8 29.Ba1 Ne7 30.Bxa8 Rxa8
31.Qb2 Rd8 32.Rd2 f6 33.Qc2 Rd5 34.Qc4 Qb4 35.Qxb4 Bxb4 36.Rc2 Bc5 37.Rc4 Kf7
38.Bc3 h6 39.Kg2 f5 40.Nf3 Bd6 41.Ra4 Rd3 42.Ba1 Rxb3 43.Rxa6 Rd3 44.Be5 Ke6
45.Bg7 h5 46.Ne5 Rd5 47.Nf3 Rd3 48.Be5 Kd7 49.Ra7+ Ke6 50.Ra6 Kd7 51.Ra7+ Ke6
52.Bxd6 Rxd6 53.Ng5+ Kf6 54.h4 Rb6 55.Nh7+ Kf7 56.Ng5+ Ke8 57.Kf3 Rb3+ 58.Ke2 Rb2+
59.Kf1 Rb1+ 60.Ke2 Rb2+  1/2-1/2

[Event "VII Anibal Open"]
[Site "Linares ESP"]
[Date "2000.01.12"]
[Round "6"]
[White "Delchev,A"]
[Black "Sargissian,G"]
[Result "1/2-1/2"]
[WhiteElo "2521"]
[BlackElo "2470"]

1.d4 d5 2.c4 e6 3.Nf3 Nf6 4.g3 Be7 5.Bg2 O-O 6.O-O dxc4 7.Qc2 a6 8.Qxc4 b5
9.Qc2 Bb7 10.Bf4 Nc6 11.Rd1 Nb4 12.Qc1 Qc8 13.Bg5 Nbd5 14.Ne5 h6 15.Bxf6 Bxf6
16.Nc6 a5 17.e4 Nb4 18.e5 Bg5 19.f4 Bd8 20.Nd2 Qd7 21.Nxb4 Qxd4+ 22.Kh1 Bxg2+
23.Kxg2 axb4 24.Qc2 Rxa2 25.Nb3 Qc4 26.Rac1 f6 27.Rd7 fxe5 28.fxe5 Rxb2 29.Qxb2 Qe4+
30.Kg1 Bg5 31.Qg2 Qe3+ 32.Kh1 Qxb3 33.Rf1 Rxf1+ 34.Qxf1 Kh7 35.h4 Qc4 36.Qf3 Bc1
37.h5 b3 38.Qf7 Qe4+ 39.Kh2 Qc2+ 40.Kh1 Qe4+ 41.Kh2 Qc2+ 42.Kh1  1/2-1/2

[Event "V Ubeda Open"]
[Site "Ubeda ESP"]
[Date "2000.01.26"]
[Round "8"]
[White "Prakken,G"]
[Black "Piankov,E"]
[Result "1/2-1/2"]
[WhiteElo "2272"]
[BlackElo "2375"]

1.d4 d5 2.c4 e6 3.Nf3 Nf6 4.g3 Be7 5.Bg2 O-O 6.O-O c6 7.Qc2 b6 8.b3 Nbd7
9.Rd1 Bb7 10.Nc3 Rc8 11.e4 dxe4 12.Nxe4 h6 13.Bf4 Nxe4 14.Qxe4 Nf6 15.Qe1 a5
16.a3 Ra8 17.b4 Qc8 18.c5 axb4 19.axb4 Nd5 20.Bd2 bxc5 21.bxc5 Bf6 22.Ne5 Qc7
23.h4 Rxa1 24.Rxa1 Ra8 25.Rxa8+ Bxa8 26.Qa1 Bb7 27.Qa7 Bxe5 28.dxe5 Qc8 29.Ba5 Ba6
30.Bf3 Bb5 31.Bh5 Qf8 32.Kg2 Bc4 33.Kg1 f6 34.Bc7 Nxc7 35.Qxc7 Bd5 36.exf6 Qxf6
37.Qb8+ Kh7 38.Qb1+ g6 39.Be2 e5 40.h5 e4 41.Qb7+ Qg7 42.hxg6+ Kxg6 43.Bh5+ Kh7
44.Qxg7+ Kxg7 45.Kf1 Bc4+ 46.Ke1 Kf6 47.Kd2 Ke5 48.Kc3 Bb5 49.Bf7 e3 50.fxe3 Ke4
51.g4 Kxe3 52.Be6 Be2 53.Bd7 Bf3 54.Kb4 Kd4 55.Be8 Bg2 56.Bd7 Kd5 57.Be8 Bf3
58.Bd7 Be2 59.Bc8 Bf1 60.Bf5 Bh3 61.Bd7 Bg2 62.Bc8  1/2-1/2

[Event "Corus Reserve Group"]
[Site "Wijk aan Zee NED"]
[Date "2000.01.26"]
[Round "6"]
[White "Kiseleva,N"]
[Black "Ludden,GJ"]
[Result "1/2-1/2"]
[WhiteElo "2285"]
[BlackElo "2263"]

1.d4 Nf6 2.c4 e6 3.g3 d5 4.Bg2 Be7 5.Nf3 O-O 6.O-O c6 7.Qc2 Nbd7 8.Rd1 Ne4
9.Ne5 f5 10.Nd3 Qe8 11.b4 Bf6 12.Bb2 a5 13.a3 Nb6 14.cxd5 exd5 15.Ne5 Be6
16.Nc3 axb4 17.axb4 Qe7 18.f3 Nd6 19.Rxa8 Rxa8 20.Ra1 Rxa1+ 21.Bxa1 Ndc4
22.Na2 Qd8 23.Nc1 Qa8 24.Qa2 Qxa2 25.Nxa2 Nxe5 26.dxe5 Be7 27.Bd4 Nc4 28.f4 b6
29.Bf2 Kf8 30.Kf1 Ke8 31.Ke1 Kd7 32.Kd1 Kc7 33.Kc2 Na3+ 34.Kb2 Nc4+ 35.Kc2 Kb7
36.e3 b5 37.Bf1 Nb6 38.Bd3 d4 39.Kb1 dxe3 40.Bxe3 Nc4 41.Bxc4 Bxc4 42.Bc5 Bxc5
43.bxc5 Bxa2+ 44.Kxa2 Kc7 45.Kb3 Kd7 46.Kc3 Ke6 47.Kd4 h6 48.h3 Kf7 49.Kc3 Ke7
50.Kd3 g6 51.Kc3 Ke6 52.Kd4 Ke7  1/2-1/2

[Event "Perenyi Mem"]
[Site "Gyula HUN"]
[Date "2000.01.28"]
[Round "5"]
[White "Horvath,Cs"]
[Black "Burnett,R"]
[Result "1/2-1/2"]
[WhiteElo "2519"]
[BlackElo "2437"]

1.d4 Nf6 2.c4 e6 3.g3 d5 4.Nf3 Be7 5.Bg2 O-O 6.Qc2 b6 7.O-O Bb7 8.cxd5 exd5
9.Bf4 Na6 10.Nc3 c6 11.Ne5 Re8 12.Rfd1 Nc7 13.Qa4 b5 14.Qc2 Ne6 15.Be3 Bd6
16.f4 a5 17.h3 Rc8 18.Bf2 Ba6 19.a3 Qb6 20.e4 b4 21.axb4 axb4 22.Na4 Qb7
23.exd5 cxd5 24.Nc5 Nxc5  1/2-1/2

[Event "Bundesliga 1999-2000"]
[Site "Delmenhorst GER"]
[Date "2000.01.30"]
[Round "9"]
[White "Rogers,I"]
[Black "Rozentalis,E"]
[Result "1-0"]
[WhiteElo "2562"]
[BlackElo "2553"]

1.d4 Nf6 2.c4 e6 3.g3 d5 4.Bg2 Be7 5.Nf3 O-O 6.O-O dxc4 7.Ne5 Nc6 8.Nxc6 bxc6
9.e3 Ba6 10.Qe2 Rb8 11.Rd1 Qc8 12.Nc3 Nd5 13.e4 Nb4 14.Be3 Rd8 15.h4 Nd3
16.Rab1 Rb4 17.b3 Qb7 18.Qc2 Rb8 19.d5 Nc5 20.bxc4 Qc8 21.dxc6 Bxc4 22.Rxb4 Rxb4
23.e5 h6 24.Rd2 a5 25.Qd1 Na6 26.Rd7 Qf8 27.a3 Bb3 28.Qd3 Rc4 29.Nd5 exd5
30.Qxb3 Rxc6 31.Qb7 Rg6 32.h5  1-0

[Event "Perenyi Mem"]
[Site "Gyula HUN"]
[Date "2000.01.30"]
[Round "7"]
[White "Horvath,Cs"]
[Black "Yu Shaoteng"]
[Result "1/2-1/2"]
[WhiteElo "2519"]
[BlackElo "2535"]

1.d4 e6 2.c4 Nf6 3.g3 d5 4.Nf3 Be7 5.Bg2 O-O 6.O-O dxc4 7.Ne5 Nc6 8.Nxc6 bxc6
9.e3 Nd5 10.Qa4 Nb6 11.Qc2 Qd7 12.Nd2 Ba6 13.Rd1 Rfd8 14.b3 cxb3 15.Qxc6 Qxc6
16.Bxc6 Rab8 17.axb3 Bb7 18.Bxb7 Rxb7 19.Ba3 Bxa3 20.Rxa3 e5 21.Ne4  1/2-1/2

[Event "5th HIT Open"]
[Site "Nova Gorica SLO"]
[Date "2000.02.03"]
[Round "3"]
[White "Delchev,A"]
[Black "Brumen,D"]
[Result "1-0"]
[WhiteElo "2560"]
[BlackElo "2403"]

1.Nf3 Nf6 2.c4 e6 3.g3 d5 4.d4 Be7 5.Bg2 O-O 6.O-O dxc4 7.Qc2 Bd7 8.Qxc4 Bc6
9.Bg5 Nbd7 10.Nc3 h6 11.Bxf6 Nxf6 12.b4 Ne4 13.b5 Bd5 14.Nxd5 exd5 15.Qb3 Qd6
16.Rfc1 Bf6 17.Rc2 Rfe8 18.Rac1 Re7 19.a4 Rd8 20.e3 Qb6 21.Qa2 g6 22.Ne1 Qa5
23.Nd3 a6 24.Bxe4 dxe4 25.Nc5 Qb6 26.bxa6 bxa6 27.a5 Qc6 28.Rb1 Qd5 29.Rb8 Kg7
30.Qxd5 Rxd5 31.Ra8 Rd6 32.Nxa6 c6 33.Nc5 Rc7 34.Nxe4 Rd5 35.Ra2 Be7 36.a6 Rdd7  1-0

[Event "FSGM January"]
[Site "Budapest HUN"]
[Date "2000.02.05"]
[Round "1"]
[White "Horvath,Cs"]
[Black "Yu Shaoteng"]
[Result "1-0"]
[WhiteElo "2519"]
[BlackElo "2535"]

1.d4 e6 2.c4 Nf6 3.g3 d5 4.Nf3 Be7 5.Bg2 O-O 6.Qc2 c5 7.dxc5 Qa5+ 8.Nc3 dxc4
9.Nd2 Qxc5 10.Na4 Qa5 11.Qxc4 Bd7 12.Bxb7 Bxa4 13.Bxa8 Nbd7 14.Bg2 Ne5 15.Qf4 Nh5
16.Qe3 Bc5 17.b4 Bxb4 18.O-O Bc3 19.Rb1 Bc2 20.Rb7 Ng4 21.Qxa7 Qe5 22.Nf3 Qxe2
23.Rb8 Bb4 24.Rxb4  1-0

[Event "Extraliga CZE"]
[Site "Ostrava CZE"]
[Date "2000.02.05"]
[Round "8"]
[White "Chloupek,S"]
[Black "Bazant,P"]
[Result "1/2-1/2"]
[WhiteElo "2344"]
[BlackElo "2361"]

1.d4 d5 2.Nf3 Nf6 3.c4 e6 4.g3 Be7 5.Bg2 O-O 6.O-O Nbd7 7.Qc2 c6 8.Nbd2 b5
9.b3 Bb7 10.Bb2 Rb8 11.c5 Qc7 12.e4 dxe4 13.Nxe4 Nxe4 14.Qxe4 Rbd8 15.Qc2 Nf6
16.Rad1 Nd5 17.Rfe1 Bc8 18.Bc1 a5 19.Ng5 Bxg5 20.Bxg5 f6 21.Bd2 Rfe8 22.a3 Qa7
23.Be4 g6 24.h4 Qc7 25.Bg2 Rd7 26.Re2 Qd8 27.Rde1 Ra7 28.Bh3 Kf7 29.h5 a4
30.b4 Rae7 31.Bg2 e5 32.dxe5 Bg4 33.hxg6+ hxg6 34.e6+ Rxe6 35.Rxe6 Rxe6 36.Rxe6 Bxe6
37.Be4 f5 38.Bf3 Qh8 39.Kg2 Qd4 40.Bc1 Qa1 41.Qd2 Qh8 42.Bb2 Qh7 43.Qg5 Ke8
44.Be5 Kd7 45.Kg1 Ne7 46.Bg2 Qh5 47.Qd2+ Nd5 48.Bb2 Qg4 49.Qh6 Qd1+ 50.Kh2 Qh5+
51.Qxh5 gxh5 52.Bf3 Bf7 53.Kh3 f4 54.Kh4 fxg3 55.fxg3 Ne3 56.Kg5 Ng4 57.Bd4 Be8
58.Bg2 Ke6 59.Bf3 Kd7 60.Be4 Ke6 61.Bf3 Kd7  1/2-1/2

[Event "5th HIT Open"]
[Site "Nova Gorica SLO"]
[Date "2000.02.07"]
[Round "7"]
[White "Delchev,A"]
[Black "Atalik,S"]
[Result "1/2-1/2"]
[WhiteElo "2560"]
[BlackElo "2575"]

1.Nf3 Nf6 2.c4 e6 3.g3 d5 4.d4 Be7 5.Bg2 O-O 6.O-O c6 7.Qc2 b6 8.b3 Nbd7
9.Rd1 Ba6 10.Nbd2 Rc8 11.e4 c5 12.exd5 exd5 13.Bb2 Re8 14.Rac1 Bb7 15.Qb1 Rc7
16.dxc5  1/2-1/2

[Event "Petroff Mem Open"]
[Site "St Petersburg RUS"]
[Date "2000.02.12"]
[Round "5"]
[White "Chetverik,M"]
[Black "Takhirov,V"]
[Result "0-1"]
[WhiteElo "2314"]
[BlackElo "2176"]

1.d4 Nf6 2.c4 e6 3.Nf3 d5 4.g3 Be7 5.Bg2 O-O 6.O-O Re8 7.Nc3 Nbd7 8.Qb3 c6
9.Bf4 Nb6 10.cxd5 exd5 11.Ne5 Nfd7 12.e4 Nxe5 13.dxe5 d4 14.Rfd1 Be6 15.Qc2 c5
16.a4 Bg4 17.f3 Be6 18.Nb5 Nc4 19.Bf1 Na5 20.Nd6 b6 21.Ra3 Rf8 22.Nc4 Bxc4
23.Bxc4 Nxc4 24.Qxc4 Qc8 25.g4 Qe6 26.b3 Rfd8 27.Bg3 a6 28.Rda1 h6 29.h3 d3
30.Rd1 Rd4 31.Qc3 Rad8 32.Bf2 Qxe5 33.Rxd3 Qf4 34.Re3 Rd1+ 35.Kg2 R8d2 36.Ra1 Rxf2+
37.Kxf2 Qh2+  0-1

[Event "Petroff Mem Open"]
[Site "St Petersburg RUS"]
[Date "2000.02.16"]
[Round "9"]
[White "Kotov,Vi"]
[Black "Chehlov,A"]
[Result "0-1"]
[WhiteElo "2127"]
[BlackElo "2248"]

1.d4 d5 2.Nf3 Nf6 3.c4 e6 4.g3 Be7 5.Bg2 O-O 6.O-O dxc4 7.Ne5 Nc6 8.Nxc6 bxc6
9.Nc3 Nd5 10.e4 Nb6 11.Be3 Bd7 12.Qe2 Bb4 13.Rfd1 Re8 14.Qc2 Bxc3 15.bxc3 Rb8
16.Rab1 Qe7 17.Qc1 Na4 18.Rxb8 Rxb8 19.Rd2 Be8 20.Bf3 f6 21.Bd1 Nb6 22.Bc2 Bg6
23.f3 f5 24.Bf4 Rf8 25.Re2 fxe4 26.fxe4 h6 27.Rf2 a5 28.Kg2 Rf7 29.Rf1 Nd7
30.Bxc7 Rxf1 31.Qxf1 Nf6 32.Bxa5 Qa3 33.Qxc4 Qxa5 34.Qxe6+ Kh7 35.e5 Ne4
36.Qxc6 Qxa2 37.Qa4 Qf7 38.Kh3 Qf5+ 39.g4 Ng5+  0-1

[Event "16th open"]
[Site "Cappelle La Grande FRA"]
[Date "2000.02.19"]
[Round "1"]
[White "Sulava,N"]
[Black "Atalik,S"]
[Result "1-0"]
[WhiteElo "2486"]
[BlackElo "2575"]

1.d4 Nf6 2.c4 e6 3.g3 d5 4.Bg2 Be7 5.Nf3 O-O 6.Qc2 c6 7.O-O b6 8.Rd1 Nbd7
9.b3 Ba6 10.Nbd2 Rc8 11.e4 c5 12.exd5 exd5 13.Nf1 cxd4 14.Nxd4 b5 15.Ne3 bxc4
16.Nxd5 Nxd5 17.Bxd5 cxb3 18.Qxb3 Nc5 19.Qf3 Bf6 20.Ba3 Qa5 21.Rab1 Bxd4
22.Rxd4 Be2 23.Qxe2 Qxa3 24.Qe7 Kh8 25.Bxf7 h6 26.Rbd1 Qa5 27.Rh4 Qb6 28.Rhd4 Qf6
29.Qxf6 gxf6 30.Bh5 f5 31.Rd6 Kh7 32.R1d5 f4 33.Bg6+ Kg8 34.Bf5  1-0

[Event "16th open"]
[Site "Cappelle La Grande FRA"]
[Date "2000.02.20"]
[Round "2"]
[White "Akesson,R"]
[Black "Leitao,R"]
[Result "0-1"]
[WhiteElo "2493"]
[BlackElo "2565"]

1.Nf3 Nf6 2.c4 e6 3.g3 d5 4.Bg2 Be7 5.d4 O-O 6.O-O dxc4 7.Qc2 a6 8.a4 Bd7
9.Qxc4 Bc6 10.Bg5 a5 11.Nc3 Na6 12.Bxf6 Bxf6 13.e4 Nb4 14.Rfd1 b6 15.Rd2 Bb7
16.Rad1 c6 17.Ne5 Ba6 18.Qb3 Qc7 19.Ng4 Bg5 20.f4 Be7 21.e5 Rad8 22.Ne4 c5
23.dxc5 Rxd2 24.Rxd2 bxc5 25.Ngf6+ Bxf6 26.exf6 Rd8 27.fxg7 Rxd2 28.Nf6+ Kxg7
29.Ne8+ Kg8 30.Nxc7 Rd3 31.Qc3 Rxc3 32.bxc3 Bd3 33.cxb4 cxb4 34.Nb5 b3 35.Bf1 Bc2
36.Na3 b2 37.Kf2 b1=Q 38.Nxb1 Bxb1 39.Ke3 Bc2 40.Bb5 Kf8 41.Kd4 Ke7 42.Kc5 f6
43.Kb6 Kd6 44.Kxa5 Kc5 45.Ka6 e5 46.fxe5 fxe5 47.a5 e4 48.Bd7 Bd1 49.Bb5 e3
50.Bf1 Kc6 51.Ka7 Kc7 52.h3 h5 53.g4 hxg4  0-1

[Event "ch-Serbia"]
[Site "Kragujevac YUG"]
[Date "2000.02.24"]
[Round "6"]
[White "Paunovic,D"]
[Black "Markovic,Zo"]
[Result "1/2-1/2"]
[WhiteElo "2465"]
[BlackElo "2186"]

1.d4 d5 2.c4 e6 3.Nf3 Nf6 4.g3 Be7 5.Bg2 O-O 6.O-O dxc4 7.Qc2 a6 8.Qxc4 b5
9.Qc2 Bb7 10.Bg5 Nbd7 11.Bxf6 Nxf6 12.Nbd2 Rc8 13.Nb3 c5 14.dxc5 Be4 15.Qc3 Bd5
16.Rfd1 Qc7 17.Nfd2 Bxg2 18.Kxg2 Bxc5 19.Nxc5 Qxc5 20.Qxc5 Rxc5 21.Rac1 Rd5
22.Nb3 g6 23.Rxd5 Nxd5 24.Rc6 Nb4 25.Rd6 Rc8 26.a3 Nd5 27.Nd4 Rc4 28.e3 Ra4
29.Nc2 Rc4 30.Nd4 Ra4  1/2-1/2

[Event "Open"]
[Site "Cannes FRA"]
[Date "2000.02.25"]
[Round "6"]
[White "Dunnington,A"]
[Black "Masserey,Y"]
[Result "1-0"]
[WhiteElo "2372"]
[BlackElo "2303"]

1.d4 d5 2.Nf3 Nf6 3.g3 e6 4.Bg2 Be7 5.c4 O-O 6.Qc2 c5 7.dxc5 Qa5+ 8.Nbd2 Qxc5
9.a3 a5 10.b4 Qc7 11.b5 e5 12.b6 Qd6 13.cxd5 Qxd5 14.Bb2 Bc5 15.O-O Qc6 16.Rac1 Bxb6
17.Qb3 Qe6 18.Nc4 Bc7 19.Ng5 Qe7 20.Nxe5 Na6 21.Nexf7 Rxf7 22.Bxf6 Qxf6 23.Nxf7 a4
24.Nh6+ Kf8 25.Qg8+ Ke7 26.Ng4 Qg6 27.Ne3 Rb8 28.Nd5+  1-0